<?xml version="1.0" encoding="UTF-8"?>
<record
    xmlns:xsi="http://www.w3.org/2001/XMLSchema-instance"
    xsi:schemaLocation="http://www.loc.gov/MARC21/slim http://www.loc.gov/standards/marcxml/schema/MARC21slim.xsd"
    xmlns="http://www.loc.gov/MARC21/slim">

  <leader>00873nam a2200265 a 4500</leader>
  <controlfield tag="001">000036246</controlfield>
  <controlfield tag="005">20200930075630.0</controlfield>
  <controlfield tag="008">120111s1985    ru            000 0 spa d</controlfield>
  <datafield tag="040" ind1=" " ind2=" ">
    <subfield code="a">DO-SdBNP</subfield>
    <subfield code="b">spa</subfield>
    <subfield code="c">BNPHU</subfield>
  </datafield>
  <datafield tag="082" ind1=" " ind2=" ">
    <subfield code="a">xxx</subfield>
    <subfield code="b">D634e</subfield>
  </datafield>
  <datafield tag="245" ind1="0" ind2="0">
    <subfield code="a">Econom&#xED;a, organizaci&#xF3;n y planificaci&#xF3;n de la producci&#xF3;n agropecuaria /</subfield>
    <subfield code="c">V. Dobrini ... [et. al.] ; traducci&#xF3;n O. Razinkov.</subfield>
  </datafield>
  <datafield tag="260" ind1=" " ind2=" ">
    <subfield code="a">Mosc&#xFA;, Rusia :</subfield>
    <subfield code="b">Progreso,</subfield>
    <subfield code="c">1985.</subfield>
  </datafield>
  <datafield tag="300" ind1=" " ind2=" ">
    <subfield code="a">474 p. ;</subfield>
    <subfield code="c">21 cm.</subfield>
  </datafield>
  <datafield tag="700" ind1="1" ind2=" ">
    <subfield code="a">Dobrinin, V.</subfield>
    <subfield code="9">62334</subfield>
  </datafield>
  <datafield tag="700" ind1="1" ind2=" ">
    <subfield code="a">Dunaev, P. P.</subfield>
    <subfield code="9">62335</subfield>
  </datafield>
  <datafield tag="701" ind1="1" ind2=" ">
    <subfield code="a">Gr&#xF3;mov, M. N.</subfield>
  </datafield>
  <datafield tag="700" ind1="1" ind2=" ">
    <subfield code="a">Beli&#xE1;ev, A. V.</subfield>
    <subfield code="9">62336</subfield>
  </datafield>
  <datafield tag="700" ind1="1" ind2=" ">
    <subfield code="a">Petraniova, G. A.</subfield>
    <subfield code="9">62337</subfield>
  </datafield>
  <datafield tag="700" ind1="1" ind2=" ">
    <subfield code="a">Agu&#xED;rbov, Y. I.</subfield>
    <subfield code="9">62338</subfield>
  </datafield>
  <datafield tag="700" ind1="1" ind2=" ">
    <subfield code="a">Rosliakov, N. F.</subfield>
    <subfield code="9">62339</subfield>
  </datafield>
  <datafield tag="700" ind1="1" ind2=" ">
    <subfield code="a">Rom&#xE1;nova, S. S.</subfield>
    <subfield code="9">62340</subfield>
  </datafield>
  <datafield tag="700" ind1="1" ind2=" ">
    <subfield code="a">Zhihalin, M. M.</subfield>
    <subfield code="9">62341</subfield>
  </datafield>
  <datafield tag="700" ind1="1" ind2=" ">
    <subfield code="a">Shishov, M. T.</subfield>
    <subfield code="9">62342</subfield>
  </datafield>
  <datafield tag="700" ind1="1" ind2=" ">
    <subfield code="a">Razinkov, O.,</subfield>
    <subfield code="e">tr.</subfield>
    <subfield code="9">62343</subfield>
  </datafield>
  <datafield tag="952" ind1=" " ind2=" ">
    <subfield code="0">0</subfield>
    <subfield code="1">0</subfield>
    <subfield code="5">0</subfield>
    <subfield code="7">-1</subfield>
    <subfield code="8">MO</subfield>
    <subfield code="a">GR</subfield>
    <subfield code="b">GR</subfield>
    <subfield code="c">OI</subfield>
    <subfield code="d">2012-01-11</subfield>
    <subfield code="i">LF1</subfield>
    <subfield code="l">0</subfield>
    <subfield code="o">xxx D634e</subfield>
    <subfield code="p">36246-10</subfield>
    <subfield code="r">2020-06-25</subfield>
    <subfield code="w">2020-06-25</subfield>
    <subfield code="y">1</subfield>
    <subfield code="Z">No se presta</subfield>
  </datafield>
  <datafield tag="999" ind1=" " ind2=" ">
    <subfield code="c">35737</subfield>
    <subfield code="d">35737</subfield>
  </datafield>
</record>
